00963naa#a2200181#i#4500001001600000005001700016011001400033100004100047102000700088200024200095210016900337215001100506608004500517675009000562700005200652700006200704856001500766RU\\bibl\10527220260516234408.6##a2219-0767##a20251016b2025####ek#y0rusy0150####ca##aRU1#aОценка уровня конкурентоспособности российских банков при помощи модифицированного метода анализа иерархийeЖурнальная статья1#aВоронежcВоронежский государственный лесотехнический университет имени Г.Ф. Морозоваd2025##a18 с.##aЖурнальная статья2local##aЭкономические сравнения, сопоставления. 338.001.36#1aШагеевgДенис Анатольевич#1aЗаболотневgДмитрий Алексеевич4#anaukaru.ru